Governing the Ungovernable: (Record no. 180544)

MARC details
000 -LEADER
fixed length control field 00625nam a22001937a 4500
005 - DATE AND TIME OF LATEST TRANSACTION
control field 20210811121424.0
010 ## - LCCN (DPL NO)
LC control number ENG-129727
020 ## - INTERNATIONAL STANDARD BOOK NUMBER
Terms of availability 850.00
International Standard Book Number 978-01-99494-04-0
035 ## - SYSTEM CONTROL NUMBER
System control number EN-113259
037 ## - SOURCE OF ACQUISITION
Source of stock number/acquisition DBAD/PUB
082 ## - DEWEY DECIMAL CLASSIFICATION NUMBER
Classification number 338.95491
100 ## - MAIN ENTRY--PERSONAL NAME
Personal name Husain,Ishrat
245 ## - TITLE STATEMENT
Title Governing the Ungovernable:
Statement of responsibility, etc Dipankar Gupta
Remainder of title Institutional Reforms for Democratic governance/
250 ## - EDITION STATEMENT
Edition statement 2018
260 ## - PUBLICATION, DISTRIBUTION, ETC. (IMPRINT)
Name of publisher, distributor, etc Oxford University press
Date of publication, distribution, etc 2018
Place of publication, distribution, etc New Delhi
270 ## - ADDRESS
Address 2/11 Ground floor,Ansari Road,Daryaganj
City New Delhi
Postal code 110002
300 ## - PHYSICAL DESCRIPTION
Extent xvii;550p.
Dimensions 28cm (hbk)
942 ## - ADDED ENTRY ELEMENTS (KOHA)
Source of classification or shelving scheme Dewey Decimal Classification
Item type English Books
Classification part 338.95491
Call number prefix HUS
Holdings
Withdrawn status Lost status Not for loan Collection code Home library Current library Date acquired Source of acquisition Cost, normal purchase price Full call number Barcode Copy number Cost, replacement price Koha item type
      Non-fiction Shahdara Branch Shahdara Branch 11/08/2021 DBAD/PUB 850.00 338.95491 EN-113259 1 850.00 English Books

© Delhi Public Library
Hit Counter
free hit counter